000 00721nam a22002292 4500
001 0000008608
005 20151217152037.0
008 080505s xx 000 0 eng d
020 _a9056992732 :
_cKES 1795
040 _aKABU
_cKABU
100 1 _aRogalski, Mircea S.
_@0000156982
245 1 0 _aSolid state physics /
_cMircea S. Rogalski, Stuart B. Palmer.
260 _aAmsterdam :
_bOPA,
_c2000.
300 _ax, 467 p.
650 0 _aSolid state physics.
_@0000153875
700 1 _aPalmer, Stuart B.
_@0000156983
908 _a080505
950 _@1
999 _c7649
_d7649